BIBLIOTECA

SENCICO

Estructuras de madera : (Registro nro. 3720)

Detalles MARC
000 -LEADER
fixed length control field 02020nam a22002897a 4500
003 - CONTROL NUMBER IDENTIFIER
control field PE SENCICO BE
005 - DATE AND TIME OF LATEST TRANSACTION
control field 20251020182623.0
008 - FIXED-LENGTH DATA ELEMENTS--GENERAL INFORMATION
fixed length control field 221221b |||||||| |||| 00| 0 eng d
020 ## - INTERNATIONAL STANDARD BOOK NUMBER
International Standard Book Number 978-958-762-956-9
040 ## - CATALOGING SOURCE
Original cataloging agency PE SENCICO BE
Transcribing agency PE SENCICO BE
041 ## - LANGUAGE CODE
Language code of text/sound track or separate title spa
082 ## - DEWEY DECIMAL CLASSIFICATION NUMBER
Classification number 694
Item number P12
100 1# - MAIN ENTRY--PERSONAL NAME
9 (RLIN) 341
Personal name Pacini, Julio César
Relator term autor
245 1# - TITLE STATEMENT
Title Estructuras de madera :
Remainder of title diseño, cálculo y construcción /
Statement of responsibility, etc. Julio César Pacini
250 ## - EDITION STATEMENT
Edition statement 1a ed.
260 ## - PUBLICATION, DISTRIBUTION, ETC.
Place of publication, distribution, etc. Bogotá:
Name of publisher, distributor, etc. Ediciones de la U,
Date of publication, distribution, etc. 2019
300 ## - PHYSICAL DESCRIPTION
Extent [6], 469 p. :
Other physical details il., diagrs. ;
Dimensions 28 cm.
520 3# - SUMMARY, ETC.
Summary, etc. Este libro ha sido concebido como una manera de comprender cabalmente la construcción en madera, tratando de dejar huecos sin cubrir en el amplio mundo de las estructuras en madera o materiales derivados de ella. En el inicio del libro se recapitula la historia de la construcción en madera y nos da una idea de cómo se llega a nuestros días. Los tres capítulos siguientes se abocan a la descripción del funcionamiento de la madera y de los materiales derivados de ella con aporte de ingeniería, así como de la normativa disponible y su justificación. El resto del libro se dedica al diseño, verificación y construcción de viviendas, estructuras de grandes luces y estructuras en altura; así como a la resolución de detalles y uniones. Se incluyó asímismo la descripción de posibles fallas típicas de la madera y cómo tratar con ellas. Finalmente se ha dedicado dos capítulos al estudio de situaciones extremas para las cuales usualmente las estructuras no están diseñadas, mostrando el comportamiento de las estructuras de madera frente a la acción de tormentas extremas y el fuego.
650 14 - SUBJECT ADDED ENTRY--TOPICAL TERM
9 (RLIN) 327
Topical term or geographic name entry element Construcciones de madera
650 24 - SUBJECT ADDED ENTRY--TOPICAL TERM
9 (RLIN) 328
Topical term or geographic name entry element Viviendas de estructuras de madera
650 24 - SUBJECT ADDED ENTRY--TOPICAL TERM
9 (RLIN) 342
Topical term or geographic name entry element Madera
General subdivision Composición
700 1# - ADDED ENTRY--PERSONAL NAME
9 (RLIN) 343
Personal name Wainstein, Gustavo
700 1# - ADDED ENTRY--PERSONAL NAME
9 (RLIN) 344
Personal name Iriso, Agustín
910 ## - USER-OPTION DATA (OCLC)
-- hfp
-- hfp
942 ## - ADDED ENTRY ELEMENTS (KOHA)
Source of classification or shelving scheme Dewey Decimal Classification
Koha item type Libros
Classification part 694
Item part P12
Existencias
Fecha de la última vez que lo usaron Número de ingreso o de inventario Pago total Signatura topográfica completa Precio efectivo desde Tipo de documento Estado perdido Sistema de clasificación Estado dañado No es para préstamo Retirado Ubicación permanente Ubicación actual Fecha de adquisición
21/12/2022 16397   694/P12 21/12/2022 Libros   Dewey Decimal Classification       Biblioteca Central Lima Biblioteca Central Lima 21/12/2022